| 000 | 04587cam a22007334i 4500 | ||
|---|---|---|---|
| 003 | PE-LiUPU | ||
| 005 | 20250731173544.0 | ||
| 008 | 150616s1989 ck r 000 0 spa d | ||
| 035 | _a(Sirsi) a9184 | ||
| 040 |
_aPE-LiUPU _bspa _cPE-LiUPU _erda |
||
| 041 | 1 |
_aspa _heng |
|
| 049 | _aPRUA | ||
| 050 |
_aBX6146 _b.C77 |
||
| 082 | 0 | 4 |
_a286.7325 _bCSS _221 |
| 100 | 1 |
_aWhite, Elena G. de, _eautor. |
|
| 245 | 1 | 0 |
_aConsejos sobre la salud / _cElena G. de White. |
| 264 | 1 |
_aBogotá : _bEditorial Printer Colombiana, _c1989. |
|
| 300 |
_a668 páginas ; _c12 centímetros. |
||
| 336 |
_atext _2rdacontent |
||
| 337 |
_aunmediated _2rdamedia |
||
| 338 |
_avolume _2rdacarrier |
||
| 490 | 0 | _aBiblioteca del Hogar Cristiano | |
| 505 | 0 | _aLa necesidad del mundo -- Elementos esenciales de la salud -- La alimentación y la salud -- La vida al aire libre y la actividad física -- Los sanatorios: sus objetivos y propósitos -- Obra institucional de éxito -- El médico cristiano -- Las enfermeras y los auxiliares -- La enseñanza de los principios de la salud -- La obra de los alimentos saludables -- La obra misionera médica -- Ejemplos para la grey -- La santidad de vida. | |
| 526 | _aSEG42 | ||
| 526 | _aSEG41 | ||
| 526 | _aSEG40 | ||
| 526 | _aSEG39 | ||
| 526 | _aP94 | ||
| 526 | _aP87 | ||
| 526 | _aP86 | ||
| 526 | _aP85 | ||
| 526 | _aP77 | ||
| 526 | _aP76 | ||
| 526 | _aP35 | ||
| 534 | _aTítulo original :tCounsels on Health. | ||
| 541 | _g001000262; | ||
| 541 | _g001000262; | ||
| 650 | 0 | 4 |
_aSalud. _9927 |
| 650 | 0 | 4 |
_aAlimentación. _94622 |
| 650 | 0 | 4 | _aHealth. |
| 650 | 0 | 4 | _aFeeding |
| 910 |
_ajck _bjvq _cjck |
||
| 942 |
_2ddc _cBOOK |
||
| 949 |
_a286.73251 CSS _wDEWEY _c1 _i62038 _lCCODEBUL1 _mBUL _pdollar10 _r0 _sY _tBOOK _u20080901 _xBIBLIOTECA _zUNKNOWN _0COMPRA _o.STAFF. Colección Teología |
||
| 949 |
_a286.73251 CSS _wDEWEY _c2 _i62039 _lCCODEBUL1 _mBUL _pdollar10 _r0 _sY _tBOOK _u20080901 _xBIBLIOTECA _zUNKNOWN _0COMPRA _o.STAFF. Colección Teología |
||
| 949 |
_a286.73251 CSS _wDEWEY _c3 _i62705 _lCCODEBUL1 _mBUL _p10.00 _r0 _sY _tBOOK _u20110808 _xBIBLIOTECA _zUNKNOWN _0COMPRA _o.STAFF. Colección Teología |
||
| 949 |
_a286.7325 CSS 1989 _wDEWEY _c4 _i31920 _lCCODEBUL1 _mBUL _p10.00 _r0 _sY _tBOOK _u19920622 _xBIBLIOTECA _zUNKNOWN _0COMPRA _o.STAFF. Colección Teología |
||
| 949 |
_a286.73251 CSS _wDEWEY _c5 _i32360 _lCCODEBUL1 _mBUL _p10.00 _r0 _sY _tBOOK _u19920622 _xBIBLIOTECA _zUNKNOWN _0COMPRA _o.STAFF. Colección Teología |
||
| 949 |
_a286.73251 CSS _wDEWEY _c6 _i32361 _lCCODEBUL1 _mBUL _p10.00 _r0 _sY _tBOOK _u19920622 _xBIBLIOTECA _zUNKNOWN _0COMPRA _o.STAFF. Colección Teología |
||
| 994 |
_aC0 _bPEPRU |
||
| 596 | _a1 2 4 | ||
| 999 |
_a286.73251 CSS _wDEWEY _c60610 _i62038 _d60610 _e2018-5-16 _f2021-11-11 _g6 _lCCODEBUL1 _mBUL _n3 _p10.00 _q3 _r0 _sY _tBOOK _u2015-6-16 _xTEOLOGIA _PP35 _0COMPRA _o.CIRCNOTE. IMPORTANTE!!!!!!! ESTE DOCUMENTO NO SE PRESTA. PRESTAR LOS OTROS 5 EJEMPLARES. _o.STAFF. Colección Teología |
||
| 999 |
_a286.73251 CSS _wDEWEY _c2 _i62039 _d2022-7-19 _e2019-3-13 _f2021-11-11 _g6 _lCCODEBUL1 _mBUL _n9 _p2.50 _q4 _r0 _sY _tBOOK _u2015-6-16 _xTEOLOGIA _PP35 _0COMPRA _o.STAFF. Colección Teología |
||
| 999 |
_a286.73251 CSS _wDEWEY _c3 _i62705 _d2022-6-8 _e2022-6-7 _f2021-11-11 _g5 _lCCODEBUL1 _mBUL _n23 _p20.00 _q6 _r0 _sY _tBOOK _u2015-6-16 _xTEOLOGIA _PP35 _0DONACION _o.STAFF. Colección Teología |
||
| 999 |
_a286.73251 CSS _wDEWEY _c5 _i32360 _d2018-10-18 _e2018-10-15 _f2019-12-11 _g5 _lDISCARD _mBUL _n27 _p10.00 _q2 _r0 _sY _tBOOK _u2015-6-16 _xTEOLOGIA _PP35 _0COMPRA _o.STAFF. Colección Teología |
||
| 999 |
_a286.73251 CSS _wDEWEY _c6 _i32361 _d2019-11-3 _e2017-9-10 _f2019-12-11 _g5 _lDISCARD _mBUL _n2 _p10.00 _q2 _r0 _sY _tBOOK _u2015-6-16 _xTEOLOGIA _PP35 _0COMPRA _o.CIRCNOTE. IMPORTANTE!!!!!!! ESTE DOCUMENTO NO SE PRESTA. PRESTAR LOS OTROS 5 EJEMPLARES. _o.STAFF. Colección Teología |
||
| 999 |
_aW286.7325 CSS 1989 _wDEWEY _c1 _iFT02274 _d2018-5-18 _e2018-5-16 _f2019-2-20 _g2 _lCATALOGING _mBUT _n2 _p2.50 _r0 _sY _tBOOK _u2016-10-20 _xUNKNOWN _zUNKNOWN _0DONACION _o.STAFF. Colección General |
||
| 999 |
_a286.7325 CSS 1989 _wDEWEY _c1 _iCW31920 _f2021-12-21 _g2 _lCCODECWL1 _mBWL _p20.00 _r1 _sY _tBOOK _u2015-6-16 _xWHITE _zUNKNOWN _0COMPRA _o.STAFF. Centro White |
||
| 980 |
_81 _gALBERTO SANCHEZ Responsable de Automatización |
||